| 000 | 00765nam a2200229 a 4500 | ||
|---|---|---|---|
| 001 | 000045943 | ||
| 005 | 20240412074305.0 | ||
| 008 | 150602s2015 dr r 000 p spa d | ||
| 020 | _a9789945166651 | ||
| 040 |
_aDO-SdBNP _bspa _cBNPHU |
||
| 082 |
_aRD861.44 _bC199s |
||
| 100 | 1 |
_aCamps, Libertad de _974017 |
|
| 245 | 1 | 0 |
_a60 Poemas de amor y canto a la libertad / _cLibertad de Camps. |
| 246 | 1 | 2 | _aSesenta poemas de amor y canto a la libertad |
| 260 |
_aSanto Domingo : _bBúho, _c2015. |
||
| 300 |
_a133 p. ; _c22 cm. |
||
| 500 | _aIncluye datos biografícos de la autora en la contraportada | ||
| 590 | _aInventariado, 2018/BT | ||
| 650 | 0 |
_aPoesía dominicana _966 |
|
| 650 | 0 |
_aLiteratura dominicana. _967 |
|
| 910 | _aValidado. Control de calidad. MFF | ||
| 999 |
_c45432 _d45432 |
||